000 00492nam a2200181Ia 4500
005 20250508161739.0
008 008 250505s9999 xx 000 0 eng d
037 _aTextual
040 _aFEDL
_beng
_cFEDL
041 _aeng
_2eng
084 _a302, MOR
_qFEDL
100 _aMoreno J. L. Ed.
_9133521
245 0 _aSociometry and the science of man
260 _aNew York, USA
_bBeacon House
_c1956
300 _a474p
942 _cTEXL
_h302, MOR
999 _c1371868
_d1371868